000 01592cam a2200301 4500
001 ABS64990
008 020125n 000 0 eng u
035 _a(Sirsi) u116439
100 _aFaber, O
245 _aCost model
490 _aBuilding
_v266(8212) 30 November 2001, 56-62(7)
520 _aLooks at the revisions to Part L of the Building Regulations which aim to control CO2 emisions created by building services and come into force on 1 April 2002. Focuses on Approved Document L2, which sets out compliance requirements for non-domestic buildings and the provisions for new buildings. Requirements include minimum fabric U-values for roof, floor and wall construction, airtightness standards, provision of energy metering, provision of reports on thermal insulation, and provision of the log book. Discusses implications for designers and constructors, procurement issues and capital allowances implications. Also provides detailed assessment of the cost implications of Part L on business park schemes and city office schemes. Table giving revisions to standard U-values of construction elements.
590 _aABS
650 _aENERGY EFFICIENCY
650 _aCOST MODEL
650 _aU VALUES
650 _aCARBON DIOXIDE EMISSIONS
650 _aAIRTIGHTNESS
650 _aCAPITAL ALLOWANCES
650 _aBUSINESS PARKS
650 _aOFFICES
650 _aPART L
650 _aAPPROVED DOCUMENT L2
650 _aBUILDING REGULATIONS
_96224
690 _aBUILT ENVIRONMENT-BUILDING STANDARDS
710 _aDavis Langdon and Everest
_91155
942 _n0
999 _c69362
_d69362